[Event "Tabor op"]
[Site "Tabor"]
[Date "2007.08.05"]
[Round "9"]
[White "Koubek, Vaclav1111"]
[Black "Janovsky, Martin"]
[Result "1-0"]
[WhiteElo "2105"]
[BlackElo "1874"]
[PlyCount "49"]
[EventDate "2007.07.29"]
[EventType "swiss"]
[EventRounds "9"]
[EventCountry "CZE"]
[SourceTitle "EXT 2009"]
[Source "ChessBase"]
[SourceDate "2008.11.26"]
[SourceVersion "1"]
[SourceVersionDate "2008.11.26"]
[SourceQuality "1"]

1. e4 c5 2. Nc3 Nc6 3. g3 d6 4. Bg2 g6 5. d3 Bg7 6. Be3 Rb8 7. Qd2 b5 8. f4 b4 9. Nd5 e5 10. Nf3 Nd4 11. 0-0 Ne7 12. Nh4 f5 13. fxe5 Bxe5 14. c3 bxc3 15. bxc3 Nb5 16. Rab1 Bd7 17. Bg5 0-0 18. a4 Nxc3 19. Nxc3 Rxb1 20. Rxb1 Qe8 21. Nf3 Bxc3 22. Qxc3 fxe4 23. dxe4 Nc8 24. Bh6 Rf7 25. Ng5 1-0

[Event "Tabor op"]
[Site "Tabor"]
[Date "2007.08.01"]
[Round "5"]
[White "Vyhnalek, Bohuslav"]
[Black "Janovsky, Martin"]
[Result "0-1"]
[WhiteElo "2172"]
[BlackElo "1874"]
[PlyCount "100"]
[EventDate "2007.07.29"]
[EventType "swiss"]
[EventRounds "9"]
[EventCountry "CZE"]
[SourceTitle "EXT 2009"]
[Source "ChessBase"]
[SourceDate "2008.11.26"]
[SourceVersion "1"]
[SourceVersionDate "2008.11.26"]
[SourceQuality "1"]

1. e4 c5 2. Nf3 d6 3. d4 cxd4 4. Nxd4 Nf6 5. Nc3 a6 6. Be2 e6 7. 0-0 Qc7 8. f4 b5 9. Bf3 Bb7 10. a3 Be7 11. Kh1 Nc6 12. Be3 0-0 13. Nde2 Na5 14. Qe1 Nc4 15. Bc1 Rfd8 16. b3 Nb6 17. Bb2 d5 18. exd5 Nbxd5 19. Nxd5 Nxd5 20. Be4 Bf6 21. Bxf6 Nxf6 22. Bd3 Be4 23. Nc1 Bxd3 24. cxd3 Rac8 25. a4 Qc3 26. Qxc3 Rxc3 27. axb5 axb5 28. Kg1 Rdc8 29. Kf2 Ng4+ 30. Kg3 Ne3 31. Rg1 g6 32. Kf3 Nc2 33. Rb1 Na3 34. Ra1 b4 35. Rd1 Kg7 36. h3 h5 37. g3 Kf6 38. Ke4 g5 39. Rf1 gxf4 40. Rxf4+ Ke7 41. g4 Rxc1 42. Rxc1 Rxc1 43. gxh5 Re1+ 44. Kf3 Rf1+ 45. Kg3 Rxf4 46. Kxf4 Kf6 47. h4 Nc2 48. Ke4 Kg7 49. d4 Nxd4 50. Kxd4 f5 0-1

[Event "Tabor op"]
[Site "Tabor"]
[Date "2007.07.31"]
[Round "4"]
[White "Janovsky, Martin"]
[Black "Sic, Vojtech"]
[Result "1-0"]
[WhiteElo "1874"]
[BlackElo "1570"]
[PlyCount "63"]
[EventDate "2007.07.29"]
[EventType "swiss"]
[EventRounds "9"]
[EventCountry "CZE"]
[SourceTitle "EXT 2009"]
[Source "ChessBase"]
[SourceDate "2008.11.26"]
[SourceVersion "1"]
[SourceVersionDate "2008.11.26"]
[SourceQuality "1"]

1. d4 d5 2. Nf3 Nf6 3. c4 e6 4. Nc3 Nbd7 5. Bg5 Be7 6. e3 0-0 7. Bd3 Re8 8. 0-0 b6 9. Qc2 Bb7 10. cxd5 exd5 11. Rac1 a6 12. Ne5 h6 13. Bh4 c5 14. f4 Rc8 15. Qe2 c4 16. Bb1 b5 17. a3 Nh7 18. Bxh7+ Kxh7 19. Nxf7 Qb6 20. Bxe7 Rxe7 21. Ne5 Nf6 22. g4 Bc6 23. g5 Ne4 24. Qg4 Nxc3 25. Qf5+ Kg8 26. Qxc8+ Re8 27. Qxc6 Qxc6 28. Nxc6 Ne2+ 29. Kf2 Nxc1 30. Rxc1 hxg5 31. fxg5 Re6 32. Ne5 1-0

[Event "Pardubice Czech op2"]
[Site "Pardubice"]
[Date "2007.07.12"]
[Round "1"]
[White "Znamenacek, Kvetoslav"]
[Black "Janovsky, Martin"]
[Result "1/2-1/2"]
[WhiteElo "2304"]
[BlackElo "1874"]
[PlyCount "90"]
[EventDate "2007.07.12"]
[EventType "swiss"]
[EventRounds "7"]
[EventCountry "CZE"]
[SourceTitle "EXT 2008"]
[Source "ChessBase"]
[SourceDate "2007.11.25"]
[SourceVersion "1"]
[SourceVersionDate "2007.11.25"]
[SourceQuality "1"]

1. Nf3 Nf6 2. c4 e6 3. g3 b6 4. Bg2 Bb7 5. 0-0 d5 6. d4 Nbd7 7. Nc3 dxc4 8. Qa4 c5 9. Qxc4 Rc8 10. Rd1 cxd4 11. Qxd4 Bc5 12. Qh4 Be7 13. Qa4 Bc6 14. Qa6 Qc7 15. Bf4 Nc5 16. Bxc7 Nxa6 17. Bf4 0-0 18. Ne5 Bxg2 19. Kxg2 Nb4 20. Bg5 Rfd8 21. Rxd8+ Bxd8 22. Rd1 h6 23. Bd2 Nfd5 24. Nxd5 Nxd5 25. Rc1 Rxc1 26. Bxc1 Ne7 27. a4 f6 28. Nc4 Nc6 29. Bd2 Be7 30. Kf3 Kf7 31. Ke4 f5+ 32. Kd3 e5 33. e4 Ke6 34. f3 g5 35. exf5+ Kxf5 36. g4+ Ke6 37. Ke4 Bf6 38. Bc3 Nd4 39. Bb4 Nb3 40. Ba3 Bg7 41. Bd6 Nd2+ 42. Nxd2 Kxd6 43. b4 Kc6 44. Kd3 b5 45. a5 Kd5 1/2-1/2

[Event "Klatovy op-A"]
[Site "Klatovy"]
[Date "2001.??.??"]
[Round "?"]
[White "Kupka, Frantisek"]
[Black "Janovsky, Martin"]
[Result "1-0"]
[WhiteElo "2010"]
[BlackElo "1895"]
[PlyCount "83"]
[EventDate "2001.07.??"]
[EventType "swiss"]
[EventRounds "9"]
[EventCountry "CZE"]
[SourceTitle "EXT 2006"]
[Source "ChessBase"]
[SourceDate "2005.11.24"]
[SourceVersion "1"]
[SourceVersionDate "2005.11.24"]
[SourceQuality "1"]

1. e4 c5 2. Nf3 d6 3. d4 cxd4 4. Nxd4 Nf6 5. f3 e5 6. Bb5+ Bd7 7. Bxd7+ Qxd7 8. Nf5 d5 9. Bg5 d4 10. Bxf6 gxf6 11. c3 Nc6 12. 0-0 Bc5 13. Kh1 Ne7 14. Nxe7 Kxe7 15. f4 Rag8 16. fxe5 fxe5 17. Qf3 Qe6 18. cxd4 exd4 19. Nd2 Rg4 20. e5 Rb8 21. Ne4 b6 22. a3 Kf8 23. Rae1 Rg7 24. Ng3 Kg8 25. Nh5 Rg5 26. Nf4 Qg4 27. Qb3 Rf5 28. Nd5 Kg7 29. Qd3 Rxf1+ 30. Rxf1 Qe6 31. Qe4 Re8 32. Rf5 Be7 33. Nc7 Qc4 34. Nxe8+ Kf8 35. h3 Kxe8 36. Kh2 h6 37. h4 a5 38. Rf2 Bc5 39. Rf6 Bf8 40. Rxb6 Qc5 41. Qa8+ Ke7 42. Qa7+ 1-0